[Event "EUYCC 2025 - U12"]
[Site "?"]
[Date "2025.08.26"]
[Round "8.14"]
[White "Kroslakova, Michaela"]
[Black "Galia, Simon"]
[Result "1/2-1/2"]
[BlackElo "1478"]
[WhiteElo "1655"]
[LiveChessVersion "1.4.8"]

1. e4 {[%clk 1:30:50]} e5 {[%clk 1:30:25]} 2. Nf3 {[%clk 1:30:49]} Nf6
{[%clk 1:30:32]} 3. d4 {[%clk 1:30:41]} Nxe4 {[%clk 1:30:01]} 4. Nxe5
{[%clk 1:29:52]} d5 {[%clk 1:30:03]} 5. Bd3 {[%clk 1:29:19]} Nf6 {[%clk 1:26:52]}
6. Bf4 {[%clk 1:23:00]} Bd6 {[%clk 1:24:42]} 7. O-O {[%clk 1:19:06]} O-O
{[%clk 1:23:12]} 8. Bg5 {[%clk 1:14:37]} Nc6 {[%clk 1:20:45]} 9. Nxc6
{[%clk 1:13:44]} bxc6 {[%clk 1:20:48]} 10. Nd2 {[%clk 1:09:33]} Re8
{[%clk 1:18:44]} 11. Qf3 {[%clk 1:02:44]} Be7 {[%clk 1:17:04]} 12. Bxf6
{[%clk 0:59:16]} Bxf6 {[%clk 1:17:04]} 13. c3 {[%clk 0:59:01]} Rb8
{[%clk 1:16:19]} 14. Nb3 {[%clk 0:58:38]} Bd7 {[%clk 1:15:41]} 15. Rfe1
{[%clk 0:58:02]} Re7 {[%clk 1:13:22]} 16. Qg3 {[%clk 0:52:18]} Be6
{[%clk 1:10:33]} 17. Rab1 {[%clk 0:49:55]} Qd6 {[%clk 1:08:21]} 18. Nc5
{[%clk 0:47:29]} Qxg3 {[%clk 1:06:05]} 19. hxg3 {[%clk 0:47:38]} Rbe8
{[%clk 1:02:38]} 20. f3 {[%clk 0:45:21]} h6 {[%clk 1:00:18]} 21. Kf2
{[%clk 0:44:44]} Kf8 {[%clk 0:57:42]} 22. b4 {[%clk 0:40:59]} Bc8
{[%clk 0:55:06]} 23. Rxe7 {[%clk 0:38:01]} Rxe7 {[%clk 0:54:32]} 24. a4
{[%clk 0:36:52]} Ke8 {[%clk 0:51:06]} 25. Rb2 {[%clk 0:28:08]} Kd8
{[%clk 0:49:14]} 26. b5 {[%clk 0:24:11]} cxb5 {[%clk 0:46:27]} 27. axb5
{[%clk 0:24:28]} Bd7 {[%clk 0:44:04]} 28. Ra2 {[%clk 0:24:18]} c6
{[%clk 0:41:59]} 29. Rxa7 {[%clk 0:22:30]} cxb5 {[%clk 0:41:20]} 30. Nxd7
{[%clk 0:22:36]} Rxd7 {[%clk 0:41:38]} 31. Rxd7+ {[%clk 0:22:12]} Kxd7
{[%clk 0:41:50]} 32. Bxb5+ {[%clk 0:22:38]} Kd6 {[%clk 0:40:36]} 33. Ke3
{[%clk 0:21:34]} Bd8 {[%clk 0:39:45]} 34. c4 {[%clk 0:20:15]} dxc4
{[%clk 0:39:18]} 35. Bxc4 {[%clk 0:20:38]} f6 {[%clk 0:38:56]} 36. Ke4
{[%clk 0:20:12]} Bc7 {[%clk 0:37:23]} 37. Kf5 {[%clk 0:19:22]} Ke7
{[%clk 0:37:17]} 38. g4 {[%clk 0:18:59]} Bb6 {[%clk 0:36:41]} 39. d5
{[%clk 0:18:27]} Bc7 {[%clk 0:36:51]} 40. Kg6 {[%clk 0:17:59]} Kf8
{[%clk 0:36:56]} 41. Kf5 {[%clk 0:16:27]} Ke7 {[%clk 0:36:43]} 42. f4
{[%clk 0:16:41]} Bd6 {[%clk 0:36:44]} 43. Ke4 {[%clk 0:16:24]} Kd8
{[%clk 0:35:56]} 44. Kf5 {[%clk 0:15:27]} Ke7 {[%clk 0:35:34]} 45. g5
{[%clk 0:15:44]} hxg5 {[%clk 0:35:38]} 46. fxg5 {[%clk 0:16:09]} fxg5
{[%clk 0:35:53]} 47. Kxg5 {[%clk 0:16:37]} Kf7 {[%clk 0:35:12]} 48. g4
{[%clk 0:16:40]} Be7+ {[%clk 0:32:13]} 49. Kf5 {[%clk 0:16:53]} Bd6
{[%clk 0:32:25]} 50. Bb5 {[%clk 0:16:38]} g6+ {[%clk 0:30:25]} 51. Ke4
{[%clk 0:15:44]} g5 {[%clk 0:29:56]} 52. Kd4 {[%clk 0:15:22]} Kf6
{[%clk 0:29:38]} 53. Bd3 {[%clk 0:15:28]} Ke7 {[%clk 0:29:25]} 54. Bf5
{[%clk 0:15:37]} Kd8 {[%clk 0:29:11]} 55. Kc4 {[%clk 0:15:54]} Kc7
{[%clk 0:29:05]} 56. Kb5 {[%clk 0:15:51]} Bf4 {[%clk 0:29:11]} 57. Ka6
{[%clk 0:15:38]} Kd6 {[%clk 0:29:08]} 58. Be6 {[%clk 0:15:58]} Be3
{[%clk 0:29:14]} 59. Kb5 {[%clk 0:15:46]} 1/2-1/2

[Event "EUYCC 2025 - U12"]
[Site "?"]
[Date "2025.08.26"]
[Round "8.15"]
[White "Cibickova, Diana"]
[Black "Sevcikova, Terezie"]
[Result "1/2-1/2"]
[BlackElo "1568"]
[WhiteElo "1502"]
[LiveChessVersion "1.4.8"]

1. e4 {[%clk 1:30:46]} c5 {[%clk 1:30:42]} 2. Nf3 {[%clk 1:30:56]} Nc6
{[%clk 1:31:00]} 3. Nc3 {[%clk 1:30:56]} g6 {[%clk 1:31:00]} 4. d4
{[%clk 1:28:08]} cxd4 {[%clk 1:31:13]} 5. Nxd4 {[%clk 1:28:31]} Bg7
{[%clk 1:31:34]} 6. Nxc6 {[%clk 1:28:03]} bxc6 {[%clk 1:31:25]} 7. Bd3
{[%clk 1:26:59]} Nf6 {[%clk 1:30:48]} 8. Bg5 {[%clk 1:21:37]} d6 {[%clk 1:27:01]}
9. O-O {[%clk 1:16:43]} O-O {[%clk 1:27:01]} 10. Qd2 {[%clk 1:16:51]} Rb8
{[%clk 1:26:03]} 11. Rab1 {[%clk 1:15:50]} Be6 {[%clk 1:24:01]} 12. Bh6
{[%clk 1:13:42]} Qc7 {[%clk 1:22:38]} 13. Bxg7 {[%clk 1:11:58]} Kxg7
{[%clk 1:22:37]} 14. Rfd1 {[%clk 1:07:50]} d5 {[%clk 1:19:06]} 15. exd5
{[%clk 1:04:31]} cxd5 {[%clk 1:16:09]} 16. Ne2 {[%clk 1:01:51]} Bg4
{[%clk 1:14:14]} 17. h3 {[%clk 1:01:55]} Bxe2 {[%clk 1:14:21]} 18. Qxe2
{[%clk 0:59:20]} e5 {[%clk 1:11:00]} 19. Qd2 {[%clk 0:56:24]} Rb7
{[%clk 1:06:49]} 20. b3 {[%clk 0:53:59]} Qe7 {[%clk 1:03:26]} 21. Re1
{[%clk 0:50:38]} Nh5 {[%clk 0:58:46]} 22. Qe3 {[%clk 0:48:31]} e4
{[%clk 0:57:35]} 23. Bf1 {[%clk 0:48:20]} Qe5 {[%clk 0:55:03]} 24. c4
{[%clk 0:46:05]} f5 {[%clk 0:49:43]} 25. cxd5 {[%clk 0:44:49]} Qxd5
{[%clk 0:49:45]} 26. Bc4 {[%clk 0:43:55]} Qe5 {[%clk 0:47:40]} 27. Red1
{[%clk 0:42:54]} f4 {[%clk 0:47:08]} 28. Qd4 {[%clk 0:42:26]} Re8
{[%clk 0:45:05]} 29. Qxe5+ {[%clk 0:36:43]} Rxe5 {[%clk 0:45:16]} 30. Be2
{[%clk 0:34:28]} Nf6 {[%clk 0:43:12]} 31. Rd4 {[%clk 0:31:53]} g5
{[%clk 0:41:09]} 32. Re1 {[%clk 0:29:08]} Rc7 {[%clk 0:38:58]} 33. Bc4
{[%clk 0:28:15]} e3 {[%clk 0:36:36]} 34. Rd3 {[%clk 0:26:07]} exf2+
{[%clk 0:33:47]} 35. Kxf2 {[%clk 0:25:41]} Rxe1 {[%clk 0:32:17]} 36. Kxe1
{[%clk 0:25:49]} Re7+ {[%clk 0:32:28]} 37. Kf1 {[%clk 0:25:11]} Ne4
{[%clk 0:32:11]} 38. Rd5 {[%clk 0:22:37]} h6 {[%clk 0:30:39]} 39. a4
{[%clk 0:18:57]} Nc3 {[%clk 0:28:15]} 40. Rd3 {[%clk 0:16:02]} Ne2
{[%clk 0:27:27]} 41. Rd6 {[%clk 0:15:33]} Ng3+ {[%clk 0:27:48]} 42. Kg1
{[%clk 0:15:00]} Re1+ {[%clk 0:23:16]} 43. Kf2 {[%clk 0:14:56]} Ne4+
{[%clk 0:22:47]} 44. Kxe1 {[%clk 0:15:20]} Nxd6 {[%clk 0:23:11]} 45. Ke2
{[%clk 0:15:12]} Kf6 {[%clk 0:23:06]} 46. Bg8 {[%clk 0:13:16]} h5
{[%clk 0:22:33]} 47. Kd3 {[%clk 0:12:39]} Ke5 {[%clk 0:22:41]} 48. b4
{[%clk 0:10:36]} Nf5 {[%clk 0:20:36]} 49. b5 {[%clk 0:09:18]} Ne3
{[%clk 0:19:31]} 50. Bf7 {[%clk 0:08:42]} h4 {[%clk 0:19:37]} 51. Bh5
{[%clk 0:06:21]} Nxg2 {[%clk 0:19:42]} 52. a5 {[%clk 0:06:30]} Kd6
{[%clk 0:19:38]} 53. b6 {[%clk 0:06:22]} axb6 {[%clk 0:19:41]} 54. axb6
{[%clk 0:06:48]} Kc6 {[%clk 0:19:39]} 55. Bf3+ Kxb6 {[%clk 0:19:28]} 1/2-1/2

[Event "EUYCC 2025 - U12"]
[Site "?"]
[Date "2025.08.26"]
[Round "8.16"]
[White "Maesepp, Stella"]
[Black "Guzdziol, Olaf"]
[Result "0-1"]
[BlackElo "1492"]
[WhiteElo "1520"]
[LiveChessVersion "1.4.8"]

1. d4 {[%clk 1:30:55]} d5 {[%clk 1:30:55]} 2. Nf3 {[%clk 1:31:16]} Nf6
{[%clk 1:31:13]} 3. c4 {[%clk 1:31:17]} e6 {[%clk 1:31:37]} 4. Nc3
{[%clk 1:31:11]} Be7 {[%clk 1:31:22]} 5. e3 {[%clk 1:30:53]} O-O {[%clk 1:31:36]}
6. Be2 {[%clk 1:30:57]} dxc4 {[%clk 1:31:48]} 7. Bxc4 {[%clk 1:30:46]} a6
{[%clk 1:31:42]} 8. O-O {[%clk 1:29:42]} b5 {[%clk 1:32:00]} 9. Bd3
{[%clk 1:27:59]} Bb7 {[%clk 1:31:16]} 10. a3 {[%clk 1:26:25]} Nbd7
{[%clk 1:30:23]} 11. Re1 {[%clk 1:19:00]} c5 {[%clk 1:29:34]} 12. b3
{[%clk 1:15:11]} cxd4 {[%clk 1:25:17]} 13. Nxd4 {[%clk 1:13:34]} Nc5
{[%clk 1:22:33]} 14. Be2 {[%clk 1:10:56]} Qc7 {[%clk 1:20:23]} 15. b4
{[%clk 1:08:56]} Ncd7 {[%clk 1:19:05]} 16. Bb2 {[%clk 1:07:47]} Nb6
{[%clk 1:16:03]} 17. Rc1 {[%clk 1:04:49]} Nc4 {[%clk 1:16:09]} 18. Bxc4
{[%clk 1:04:32]} Qxc4 {[%clk 1:13:04]} 19. e4 {[%clk 0:52:59]} Qc7
{[%clk 1:03:57]} 20. e5 {[%clk 0:45:34]} Ne8 {[%clk 0:57:47]} 21. Nd5
{[%clk 0:36:57]} Qd8 {[%clk 0:57:19]} 22. Nxe7+ {[%clk 0:36:13]} Qxe7
{[%clk 0:57:41]} 23. Qg4 {[%clk 0:35:23]} Nc7 {[%clk 0:55:48]} 24. Rc3
{[%clk 0:29:00]} Rfd8 {[%clk 0:53:31]} 25. Rg3 {[%clk 0:28:27]} Qf8
{[%clk 0:53:34]} 26. Bc1 {[%clk 0:25:30]} Kh8 {[%clk 0:53:07]} 27. Qh4
{[%clk 0:21:38]} Nd5 {[%clk 0:51:51]} 28. Bh6 {[%clk 0:21:00]} gxh6
{[%clk 0:50:18]} 29. Nc2 {[%clk 0:20:09]} f5 {[%clk 0:48:33]} 30. exf6
{[%clk 0:11:47]} Qxf6 {[%clk 0:48:53]} 31. Qg4 {[%clk 0:05:03]} Nf4
{[%clk 0:44:48]} 32. Ne3 {[%clk 0:02:23]} h5 {[%clk 0:43:36]} 33. Qg5
{[%clk 0:02:43]} Qxg5 {[%clk 0:43:59]} 34. Rxg5 {[%clk 0:03:01]} h6
{[%clk 0:42:14]} 35. Re5 {[%clk 0:02:45]} Nd3 0-1

[Event "EUYCC 2025 - U12"]
[Site "?"]
[Date "2025.08.26"]
[Round "8.18"]
[White "Nagy-Konya, Luca"]
[Black "Flidr, Jan"]
[Result "1-0"]
[BlackElo "1431"]
[WhiteElo "1526"]
[LiveChessVersion "1.4.8"]

1. e4 {[%clk 1:30:55]} c5 {[%clk 1:30:44]} 2. Nf3 {[%clk 1:30:53]} e6
{[%clk 1:30:30]} 3. d4 {[%clk 1:30:43]} cxd4 {[%clk 1:30:20]} 4. Nxd4
{[%clk 1:30:45]} Nf6 {[%clk 1:30:17]} 5. Nc3 {[%clk 1:28:35]} Nc6
{[%clk 1:29:40]} 6. Bc4 {[%clk 1:24:24]} Bb4 {[%clk 1:25:50]} 7. Bg5
{[%clk 1:23:07]} h6 {[%clk 1:24:28]} 8. Bh4 {[%clk 1:22:50]} g5 {[%clk 1:21:44]}
9. Bg3 {[%clk 1:23:14]} Nxe4 {[%clk 1:21:26]} 10. Nxc6 {[%clk 1:22:11]} bxc6
{[%clk 1:20:13]} 11. Qd4 {[%clk 1:21:40]} Nf6 {[%clk 1:19:15]} 12. O-O
{[%clk 1:18:46]} d5 {[%clk 1:18:29]} 13. Bb3 {[%clk 1:18:06]} Rg8
{[%clk 1:15:55]} 14. Qxb4 {[%clk 1:16:55]} Nh5 {[%clk 1:06:21]} 15. Rad1
{[%clk 1:11:37]} f5 {[%clk 1:05:32]} 16. Ba4 {[%clk 1:11:25]} Bd7
{[%clk 1:05:19]} 17. Be5 {[%clk 1:08:33]} f4 {[%clk 1:01:10]} 18. Qd4
{[%clk 1:07:13]} Qe7 {[%clk 0:53:24]} 19. Rd3 {[%clk 1:04:47]} Qf7
{[%clk 0:53:24]} 20. Ne2 {[%clk 1:00:59]} Qf5 {[%clk 0:52:34]} 21. Bd6
{[%clk 0:58:25]} Kd8 {[%clk 0:48:09]} 22. Qe5 {[%clk 0:56:27]} Qg6
{[%clk 0:45:40]} 23. Bc7+ {[%clk 0:55:26]} Ke8 {[%clk 0:45:30]} 24. Qd6
{[%clk 0:54:27]} Nf6 {[%clk 0:44:38]} 25. Bxc6 {[%clk 0:54:02]} Rc8
{[%clk 0:44:20]} 26. Qxe6+ {[%clk 0:53:14]} Kf8 {[%clk 0:44:19]} 27. Bd6+
{[%clk 0:52:40]} Kg7 {[%clk 0:44:18]} 28. Bxd7 {[%clk 0:52:38]} Rce8
{[%clk 0:43:12]} 29. Bxe8 {[%clk 0:51:19]} Rxe8 {[%clk 0:43:25]} 30. Qh3
{[%clk 0:48:48]} Rxe2 {[%clk 0:43:09]} 31. Qf3 {[%clk 0:48:23]} Re6
{[%clk 0:42:54]} 32. Ba3 {[%clk 0:48:11]} Qf5 {[%clk 0:43:15]} 33. h3
{[%clk 0:46:28]} h5 {[%clk 0:42:24]} 34. b3 {[%clk 0:43:48]} g4 {[%clk 0:42:39]}
35. hxg4 {[%clk 0:44:12]} hxg4 {[%clk 0:43:00]} 36. Qd1 {[%clk 0:44:27]} Re8
{[%clk 0:42:31]} 37. Bb2 {[%clk 0:44:10]} Rh8 {[%clk 0:42:42]} 38. Bxf6+
{[%clk 0:44:16]} Qxf6 {[%clk 0:43:06]} 39. Qa1 {[%clk 0:44:36]} 1-0

[Event "EUYCC 2025 - U12"]
[Site "?"]
[Date "2025.08.27"]
[Round "9.1"]
[White "Bilochenko, Matvii"]
[Black "Rzadkowska, Lila"]
[Result "1/2-1/2"]
[BlackElo "1964"]
[WhiteElo "1972"]
[LiveChessVersion "1.4.8"]

1. c4 {[%clk 1:30:53]} c5 {[%clk 1:30:41]} 2. Nf3 {[%clk 1:31:02]} Nf6
{[%clk 1:30:54]} 3. Nc3 {[%clk 1:30:33]} b6 {[%clk 1:22:26]} 4. g3
{[%clk 1:24:25]} Bb7 {[%clk 1:22:44]} 5. Bg2 {[%clk 1:24:46]} g6 {[%clk 1:22:15]}
6. O-O {[%clk 1:23:46]} Bg7 {[%clk 1:22:16]} 7. Re1 {[%clk 1:14:21]} O-O
{[%clk 1:20:46]} 8. e4 {[%clk 1:12:26]} Nc6 {[%clk 1:17:36]} 9. d3
{[%clk 1:09:51]} Ne8 {[%clk 1:13:30]} 10. Be3 {[%clk 1:06:33]} Nd4
{[%clk 1:11:24]} 11. Bxd4 {[%clk 0:50:03]} cxd4 {[%clk 1:11:40]} 12. Ne2
{[%clk 0:50:13]} e5 {[%clk 1:11:08]} 13. Nd2 {[%clk 0:48:41]} f5 {[%clk 1:05:28]}
14. c5 {[%clk 0:41:48]} Kh8 {[%clk 0:55:09]} 15. Qb3 {[%clk 0:34:07]} Rb8
{[%clk 0:48:40]} 16. Qa3 {[%clk 0:27:54]} d6 {[%clk 0:41:42]} 17. cxb6
{[%clk 0:22:31]} axb6 {[%clk 0:38:43]} 18. Qb3 {[%clk 0:18:20]} Nf6
{[%clk 0:36:10]} 19. exf5 {[%clk 0:15:34]} Bxg2 {[%clk 0:36:07]} 20. Kxg2
{[%clk 0:15:56]} gxf5 {[%clk 0:35:44]} 21. Nf3 {[%clk 0:14:10]} Nd7
{[%clk 0:32:22]} 22. Qd5 {[%clk 0:13:14]} Nc5 {[%clk 0:31:32]} 23. Rad1
{[%clk 0:11:47]} Qf6 {[%clk 0:30:32]} 24. b4 {[%clk 0:09:31]} Na6
{[%clk 0:25:54]} 25. a3 {[%clk 0:08:05]} Nc7 {[%clk 0:22:26]} 1/2-1/2

[Event "EUYCC 2025 - U12"]
[Site "?"]
[Date "2025.08.27"]
[Round "9.2"]
[White "Pasca, Alexandru-Daniel"]
[Black "Lazars, Krisjanis"]
[Result "1/2-1/2"]
[BlackElo "1845"]
[WhiteElo "1873"]
[LiveChessVersion "1.4.8"]

1. e4 {[%clk 1:30:59]} c5 {[%clk 1:30:59]} 2. Nf3 {[%clk 1:31:24]} e6
{[%clk 1:31:25]} 3. c3 {[%clk 1:31:51]} Nf6 {[%clk 1:31:50]} 4. e5
{[%clk 1:32:18]} Nd5 {[%clk 1:32:13]} 5. g3 {[%clk 1:32:47]} Nc6 {[%clk 1:31:33]}
6. Bg2 {[%clk 1:33:06]} d6 {[%clk 1:28:07]} 7. exd6 {[%clk 1:33:29]} Bxd6
{[%clk 1:28:35]} 8. O-O {[%clk 1:33:38]} O-O {[%clk 1:28:33]} 9. d4
{[%clk 1:33:35]} cxd4 {[%clk 1:26:08]} 10. Nxd4 {[%clk 1:33:59]} Be5
{[%clk 1:19:35]} 11. Nxc6 {[%clk 1:28:45]} bxc6 {[%clk 1:19:42]} 12. Qe2
{[%clk 1:23:17]} Bf6 {[%clk 1:18:35]} 13. Rd1 {[%clk 1:21:19]} Qc7
{[%clk 1:17:34]} 14. c4 {[%clk 1:10:32]} Ne7 {[%clk 1:17:16]} 15. Nd2
{[%clk 1:05:24]} Ng6 {[%clk 1:09:23]} 16. Ne4 {[%clk 1:00:34]} Be7
{[%clk 1:06:31]} 17. Be3 {[%clk 0:57:24]} f5 {[%clk 1:01:52]} 18. Nc3
{[%clk 0:44:37]} e5 {[%clk 0:58:02]} 19. Nd5 {[%clk 0:36:15]} Qb7
{[%clk 0:50:59]} 20. Nxe7+ {[%clk 0:35:00]} Qxe7 {[%clk 0:48:33]} 21. Bxc6
{[%clk 0:29:41]} Rb8 {[%clk 0:48:20]} 22. Bd5+ {[%clk 0:26:59]} Kh8
{[%clk 0:45:20]} 23. Re1 {[%clk 0:22:40]} Qc7 {[%clk 0:40:11]} 24. b3
{[%clk 0:18:04]} f4 {[%clk 0:30:12]} 25. Bd2 {[%clk 0:14:59]} Bf5
{[%clk 0:29:54]} 26. Be4 {[%clk 0:13:43]} Qd7 {[%clk 0:28:58]} 27. Bc3
{[%clk 0:12:53]} Bxe4 {[%clk 0:27:12]} 28. Qxe4 {[%clk 0:12:48]} f3
{[%clk 0:26:56]} 29. Re3 {[%clk 0:11:52]} Nf4 {[%clk 0:23:46]} 30. Rxf3
{[%clk 0:09:42]} Nh3+ {[%clk 0:23:07]} 31. Kg2 {[%clk 0:09:59]} Ng5
{[%clk 0:23:22]} 32. Rxf8+ {[%clk 0:07:55]} Rxf8 {[%clk 0:23:50]} 33. Qxe5
{[%clk 0:08:03]} h6 {[%clk 0:17:59]} 34. Qxg7+ {[%clk 0:06:59]} Qxg7
{[%clk 0:18:28]} 35. Bxg7+ Kxg7 {[%clk 0:18:57]} 36. Rd1 {[%clk 0:07:15]} Rf7
{[%clk 0:19:08]} 37. f4 {[%clk 0:06:51]} Ne6 38. Rd5 {[%clk 0:06:56]} Nc7
{[%clk 0:18:31]} 39. Rd6 {[%clk 0:07:04]} Re7 {[%clk 0:18:48]} 40. Kf3
{[%clk 0:07:01]} Ne8 {[%clk 0:19:01]} 41. Rd5 {[%clk 0:06:26]} Kf6
{[%clk 0:18:56]} 42. Rh5 {[%clk 0:06:29]} Kg6 {[%clk 0:19:19]} 43. Rc5
{[%clk 0:05:36]} Rd7 {[%clk 0:18:40]} 44. Rc6+ {[%clk 0:05:37]} Kg7
{[%clk 0:18:56]} 45. Ra6 {[%clk 0:05:18]} Nf6 {[%clk 0:19:03]} 46. f5
{[%clk 0:04:57]} h5 {[%clk 0:18:58]} 47. b4 {[%clk 0:04:33]} Rd3+
{[%clk 0:18:55]} 48. Ke2 {[%clk 0:04:28]} Rd7 {[%clk 0:19:18]} 49. c5
{[%clk 0:03:37]} Kf7 {[%clk 0:19:12]} 50. a3 {[%clk 0:03:31]} h4 {[%clk 0:19:26]}
51. gxh4 {[%clk 0:03:12]} Nd5 {[%clk 0:19:36]} 52. Kf3 {[%clk 0:03:02]} Nf6
{[%clk 0:19:16]} 53. Rd6 {[%clk 0:03:07]} Re7 {[%clk 0:19:21]} 54. Re6
{[%clk 0:03:02]} Rd7 {[%clk 0:19:43]} 55. c6 {[%clk 0:03:09]} Rd3+
{[%clk 0:20:10]} 56. Ke2 {[%clk 0:02:33]} Rxa3 {[%clk 0:20:24]} 57. Kd2
{[%clk 0:02:28]} Nd5 {[%clk 0:20:37]} 58. Rd6 {[%clk 0:02:47]} Ra2+
{[%clk 0:20:40]} 59. Kd1 {[%clk 0:01:15]} Nc3+ {[%clk 0:20:25]} 60. Kc1
{[%clk 0:01:03]} Ne2+ {[%clk 0:20:47]} 61. Kb1 {[%clk 0:01:03]} Nc3+
{[%clk 0:21:14]} 62. Kc1 {[%clk 0:01:28]} Ne2+ {[%clk 0:21:38]} 63. Kd1
{[%clk 0:01:26]} Nc3+ {[%clk 0:22:04]} 1/2-1/2

[Event "EUYCC 2025 - U12"]
[Site "?"]
[Date "2025.08.27"]
[Round "9.3"]
[White "Konstantinides, Savvas"]
[Black "Temirbek, Amirali"]
[Result "1/2-1/2"]
[BlackElo "1773"]
[WhiteElo "1864"]
[LiveChessVersion "1.4.8"]

1. e4 {[%clk 1:30:57]} c6 {[%clk 1:30:50]} 2. d4 {[%clk 1:31:12]} d5
{[%clk 1:31:09]} 3. exd5 {[%clk 1:31:35]} cxd5 {[%clk 1:31:33]} 4. Bd3
{[%clk 1:32:00]} Nc6 {[%clk 1:31:49]} 5. c3 {[%clk 1:32:26]} Nf6 {[%clk 1:32:10]}
6. Bf4 {[%clk 1:32:46]} Bg4 {[%clk 1:32:31]} 7. Qb3 {[%clk 1:33:06]} Qd7
{[%clk 1:32:55]} 8. Nd2 {[%clk 1:33:18]} e6 {[%clk 1:33:12]} 9. Ngf3
{[%clk 1:33:40]} Bxf3 {[%clk 1:33:23]} 10. Nxf3 {[%clk 1:34:00]} Bd6
{[%clk 1:33:32]} 11. Bg3 {[%clk 1:33:44]} O-O {[%clk 1:33:00]} 12. O-O
{[%clk 1:33:51]} Rab8 {[%clk 1:30:17]} 13. Rae1 {[%clk 1:29:42]} Bxg3
{[%clk 1:30:26]} 14. hxg3 {[%clk 1:30:05]} Qc7 {[%clk 1:30:36]} 15. Qd1
{[%clk 1:28:40]} g6 {[%clk 1:29:17]} 16. Ne5 {[%clk 1:25:25]} Nxe5
{[%clk 1:29:39]} 17. Rxe5 {[%clk 1:21:08]} b5 {[%clk 1:28:13]} 18. g4
{[%clk 1:18:08]} b4 {[%clk 1:27:30]} 19. Qf3 {[%clk 1:18:20]} Nd7
{[%clk 1:27:49]} 20. Re3 {[%clk 1:17:44]} Rfc8 {[%clk 1:27:01]} 21. Ba6
{[%clk 1:05:57]} Rd8 {[%clk 1:26:39]} 22. Qe2 {[%clk 1:04:48]} Qa5
{[%clk 1:25:33]} 23. f4 {[%clk 1:02:53]} Qxa2 {[%clk 1:23:40]} 24. f5
{[%clk 1:02:26]} exf5 {[%clk 1:21:29]} 25. gxf5 {[%clk 1:01:54]} bxc3
{[%clk 1:20:41]} 26. fxg6 {[%clk 1:01:12]} hxg6 {[%clk 1:20:59]} 27. Qf3
{[%clk 0:47:31]} Rf8 {[%clk 1:20:15]} 28. Bd3 {[%clk 0:47:25]} cxb2
{[%clk 1:18:15]} 29. Bb1 {[%clk 0:47:44]} Qc4 {[%clk 1:13:34]} 30. Qf4
{[%clk 0:36:26]} Rb4 {[%clk 1:11:39]} 31. Re7 {[%clk 0:35:55]} Qxd4+
{[%clk 1:11:03]} 32. Qxd4 {[%clk 0:34:27]} Rxd4 {[%clk 1:11:11]} 33. Rxd7
{[%clk 0:34:51]} a5 {[%clk 1:11:31]} 34. Rb7 {[%clk 0:34:06]} Rd2
{[%clk 1:11:50]} 35. Ra7 {[%clk 0:34:15]} f5 {[%clk 1:11:07]} 36. Rxa5
{[%clk 0:30:59]} Rc8 {[%clk 1:11:17]} 37. Ba2 Rcc2 {[%clk 1:03:21]} 38. Bxd5+
{[%clk 0:20:59]} Kg7 {[%clk 1:03:44]} 39. Rb5 {[%clk 0:19:10]} Kf6
{[%clk 1:03:11]} 40. Kh2 {[%clk 0:17:47]} Kg5 {[%clk 1:01:19]} 41. Bf3
{[%clk 0:17:34]} Rc3 {[%clk 0:58:38]} 42. Kg3 {[%clk 0:14:59]} Rc4
{[%clk 0:48:08]} 43. Rb1 {[%clk 0:12:28]} Rcc2 {[%clk 0:48:30]} 44. Re1
{[%clk 0:12:39]} Rd6 {[%clk 0:42:02]} 45. Re8 {[%clk 0:09:16]} Kf6
{[%clk 0:40:27]} 46. Rf8+ {[%clk 0:09:16]} Kg5 {[%clk 0:40:26]} 47. Rfb8
{[%clk 0:09:25]} Rdd2 {[%clk 0:40:45]} 48. R8b6 {[%clk 0:09:18]} Rf2
{[%clk 0:40:45]} 49. Rb7 {[%clk 0:06:04]} Rfd2 {[%clk 0:40:32]} 50. R5b6 1/2-1/2

[Event "EUYCC 2025 - U12"]
[Site "?"]
[Date "2025.08.27"]
[Round "9.4"]
[White "Manouvel, Maelys"]
[Black "Cieslar, Nikodem"]
[Result "1-0"]
[BlackElo "1786"]
[WhiteElo "1739"]
[LiveChessVersion "1.4.8"]

1. e4 {[%clk 1:30:12]} e5 {[%clk 1:30:52]} 2. Nf3 {[%clk 1:30:11]} Nc6
{[%clk 1:31:03]} 3. Bb5 {[%clk 1:30:33]} a6 {[%clk 1:31:24]} 4. Ba4
{[%clk 1:30:48]} Nf6 {[%clk 1:31:47]} 5. O-O {[%clk 1:29:43]} Be7
{[%clk 1:32:07]} 6. Re1 {[%clk 1:29:29]} b5 {[%clk 1:32:23]} 7. Bb3
{[%clk 1:29:26]} O-O {[%clk 1:32:49]} 8. a4 {[%clk 1:28:53]} Rb8 {[%clk 1:27:02]}
9. c3 d5 {[%clk 1:24:52]} 10. d3 {[%clk 1:13:13]} dxe4 {[%clk 1:22:20]} 11. dxe4
{[%clk 1:12:39]} Qxd1 {[%clk 1:21:33]} 12. Rxd1 {[%clk 1:11:00]} Bg4
{[%clk 1:19:39]} 13. Be3 {[%clk 0:56:57]} b4 {[%clk 1:15:18]} 14. Bc2
{[%clk 0:52:13]} bxc3 {[%clk 1:12:29]} 15. bxc3 {[%clk 0:52:21]} Bxf3
{[%clk 1:12:43]} 16. gxf3 {[%clk 0:52:36]} Rb2 {[%clk 1:11:54]} 17. Rd2
{[%clk 0:50:51]} Na5 {[%clk 1:04:45]} 18. Bd1 {[%clk 0:46:57]} Rb7
{[%clk 1:02:54]} 19. Be2 {[%clk 0:43:19]} Rfb8 {[%clk 0:52:26]} 20. Rd1
{[%clk 0:42:34]} Rb2 {[%clk 0:51:43]} 21. Nd2 {[%clk 0:41:18]} Nb3
{[%clk 0:50:32]} 22. Nxb3 {[%clk 0:37:25]} R2xb3 {[%clk 0:47:33]} 23. Bxa6
{[%clk 0:35:35]} Rxc3 {[%clk 0:41:04]} 24. Rdc1 {[%clk 0:29:19]} Rcb3
{[%clk 0:32:09]} 25. Rxc7 {[%clk 0:26:51]} Bf8 {[%clk 0:32:28]} 26. Rac1
{[%clk 0:26:19]} h6 {[%clk 0:29:18]} 27. Bc4 {[%clk 0:23:12]} Ra3
{[%clk 0:26:31]} 28. Rxf7 {[%clk 0:21:55]} Kh7 {[%clk 0:24:33]} 29. Bb5
{[%clk 0:21:27]} Kg6 {[%clk 0:24:01]} 30. Rfc7 {[%clk 0:21:09]} Kh5
{[%clk 0:23:10]} 31. Rc8 {[%clk 0:20:22]} Rxc8 {[%clk 0:23:12]} 32. Rxc8
{[%clk 0:20:50]} Bb4 {[%clk 0:23:29]} 33. Rc4 {[%clk 0:19:21]} Rb3
{[%clk 0:22:40]} 34. Kg2 {[%clk 0:18:32]} Rb2 {[%clk 0:22:20]} 35. Rc7
{[%clk 0:17:59]} g5 {[%clk 0:21:38]} 36. Bc4 {[%clk 0:16:23]} Be1
{[%clk 0:18:54]} 37. Rg7 {[%clk 0:14:57]} g4 {[%clk 0:14:31]} 38. Kg3
{[%clk 0:13:39]} Nxe4+ {[%clk 0:11:45]} 39. fxe4 {[%clk 0:13:43]} Bxf2+
{[%clk 0:12:00]} 40. Bxf2 {[%clk 0:13:56]} Rb3+ {[%clk 0:12:24]} 41. Kg2
{[%clk 0:13:48]} Rg3+ {[%clk 0:12:43]} 42. Kf1 {[%clk 0:13:48]} Rf3
{[%clk 0:12:18]} 43. Bf7+ {[%clk 0:14:00]} Rxf7 {[%clk 0:12:41]} 44. Rxf7
{[%clk 0:14:28]} g3 {[%clk 0:12:54]} 45. Bxg3 {[%clk 0:14:28]} Kg4
{[%clk 0:13:19]} 46. a5 {[%clk 0:14:38]} h5 {[%clk 0:13:43]} 47. a6
{[%clk 0:15:00]} h4 {[%clk 0:14:08]} 48. Bxh4 {[%clk 0:15:05]} Kxh4
{[%clk 0:14:29]} 49. a7 {[%clk 0:15:31]} Kh3 {[%clk 0:14:53]} 50. a8=Q
{[%clk 0:15:38]} Kg4 {[%clk 0:15:11]} 51. Qg8+ {[%clk 0:16:00]} 1-0